Longest serving heads of state - Statistics

General Stats
  • This quiz has been taken 35 times
    23 since last reset
  • The average score is 9 of 22
Answer Stats
Date Leader Country % Correct
Aug 1999 Vladimir Putin Russia
100%
Jul 1994 Alexander Lukashenko Belarus
65%
Nov 1992 Emomali {Rahmon} Tajikistan
65%
Oct 1981 Ali Khamenei Iran
53%
Apr 1986 Mswati III Eswatini
53%
Feb 1999 Abdullah II Jordan
47%
Jun 1990 Harald V Norway
47%
Oct 1967 Hassanal Bolkaih Brunei
47%
Mar 1998 Henri Luxembourg
47%
Jun 1975 Paul Biya Cameroon
47%
Jan 1986 Yoweri {Museveni} Uganda
47%
Aug 1984 Hans-Adam II Liechtenstein
41%
Apr 1991 Isaias {Afwerki} Eritrea
41%
Dec 1984 Hun Sen Cambodia
35%
Sep 1973 Carl XVI Gustaf Sweden
29%
Feb 1996 Letsie III Lesotho
29%
Jan 1972 Margrethe II Denmark
29%
Jul 1999 Mohammed VI Morocco
29%
Oct 1997 Denis Sassou {Nguesso} R. Congo
24%
Mar 1999 Hamad bin Isa Al Khalifa Bahrain
24%
May 1999 Ismai'l Omar {Guelleh} Djibouti
24%
Aug 1979 Teodoro Obiang Nguema {Mbasogo} Equatorial Guinea
18%
No matching quizzes found
Score Distribution
Percent of People with Each Score
Percentile by Number Answered
Your Score History
You have not taken this quiz since the last reset